[Event "Hong Kong op"]
[Site "Hong Kong"]
[Date "2023.12.27"]
[Round "6"]
[White "Yang, Ching Wei Austin"]
[Black "Liu, Fung Ming Mathew"]
[Result "1-0"]
[WhiteElo "2210"]
[BlackElo "1463"]
[PlyCount "49"]
[EventDate "2023.12.24"]
[EventType "swiss"]
[EventRounds "9"]
[EventCountry "HKG"]
[SourceTitle "CB01_2024"]
[SourceDate "2024.01.03"]
[SourceVersion "1"]
[SourceVersionDate "2024.01.03"]
[SourceQuality "1"]

1. e4 c5 2. Nf3 d6 3. d4 cxd4 4. Nxd4 Nf6 5. Nc3 a6 6. Bg5 e6 7. f4 Be7 8. Qf3 Nbd7 9. Bc4 h6 10. Bxf6 Nxf6 11. 0-0-0 Qc7 12. Bb3 b5 13. e5 Bb7 14. Qg3 dxe5 15. fxe5 Nh5 16. Nxe6 Bg5+ 17. Qxg5 fxe6 18. Qxh5+ Ke7 19. Bxe6 Rhf8 20. Rd7+ Qxd7 21. Bxd7 Kxd7 22. Rd1+ Kc7 23. e6 Bc6 24. Qc5 Rad8 25. Nd5+ 1-0

[Event "FIDE World Cup"]
[Site "Baku"]
[Date "2023.07.31"]
[Round "1.2"]
[White "Santos Latasa, Jaime"]
[Black "Yang, Ching Wei Austin"]
[Result "1-0"]
[WhiteElo "2656"]
[BlackElo "2212"]
[PlyCount "99"]
[EventDate "2023.07.30"]
[EventType "k.o."]
[EventRounds "8"]
[EventCountry "AZE"]
[SourceTitle "EXT 2024"]
[Source "ChessBase"]
[SourceDate "2023.10.10"]
[SourceVersion "1"]
[SourceVersionDate "2023.10.10"]
[SourceQuality "1"]

1. d4 Nf6 2. c4 e6 3. Nc3 Bb4 4. e3 c5 5. Nge2 b6 6. a3 Ba5 7. d5 Bb7 8. Bd2 0-0 9. e4 exd5 10. exd5 d6 11. Ng3 a6 12. Be2 b5 13. b3 Nbd7 14. 0-0 bxc4 15. bxc4 Ne5 16. Qc2 Bc8 17. f4 Ng6 18. Bd3 Re8 19. h3 Bd7 20. Rab1 Rb8 21. Rxb8 Qxb8 22. Kh2 Qd8 23. Nge2 Bg4 24. Ng1 Kh8 25. Bc1 Bd7 26. Nf3 Nh5 27. Ne2 Qe7 28. g3 Bf5 29. Bxf5 Qxe2+ 30. Rf2 Qe7 31. Bd3 Qd7 32. Re2 Kg8 33. Qd1 Kf8 34. Ng5 Nf6 35. Bb2 h6 36. Bxf6 Rxe2+ 37. Qxe2 gxf6 38. Ne4 Kg7 39. Qc2 Bd8 40. Nf2 h5 41. h4 Qe8 42. Kg2 f5 43. Bxf5 Qe3 44. Qd3 Qe1 45. Ne4 Ba5 46. Bxg6 fxg6 47. f5 gxf5 48. Nxd6 f4 49. gxf4 Bd2 50. Qg3+ 1-0

[Event "FIDE World Cup"]
[Site "Baku"]
[Date "2023.07.30"]
[Round "1.1"]
[White "Yang, Ching Wei Austin"]
[Black "Santos Latasa, Jaime"]
[Result "0-1"]
[WhiteElo "2212"]
[BlackElo "2656"]
[PlyCount "96"]
[EventDate "2023.07.30"]
[EventType "k.o."]
[EventRounds "8"]
[EventCountry "AZE"]
[SourceTitle "EXT 2024"]
[Source "ChessBase"]
[SourceDate "2023.10.10"]
[SourceVersion "1"]
[SourceVersionDate "2023.10.10"]
[SourceQuality "1"]

1. e4 c5 2. Ne2 Nc6 3. d4 cxd4 4. Nxd4 e5 5. Nb5 d6 6. c4 g6 7. N1c3 a6 8. Na3 Be6 9. Be3 Bg7 10. Nc2 Nf6 11. Be2 Rc8 12. f3 0-0 13. 0-0 Nh5 14. Qd2 Nf4 15. Rfd1 Nb8 16. Nd5 Nxe2+ 17. Qxe2 Nd7 18. b3 f5 19. Nc3 Nf6 20. Nb4 Rf7 21. Nbd5 Nd7 22. Rd2 f4 23. Bf2 g5 24. Na4 g4 25. Nab6 g3 26. Nxc8 gxf2+ 27. Qxf2 Qxc8 28. Nb6 Qc7 29. Nxd7 Rxd7 30. Rad1 Bf8 31. Kh1 Rg7 32. Qa7 Kh8 33. Qf2 Rg6 34. Rc1 Be7 35. Rdc2 Qc5 36. Qxc5 dxc5 37. Rd2 Kg7 38. Kg1 Kf7 39. Kf1 Rh6 40. Kg1 Rg6 41. Kf1 Rg8 42. Rcd1 h5 43. Kf2 h4 44. h3 b5 45. cxb5 axb5 46. Rb1 Ra8 47. Rc2 c4 48. b4 Ra4 0-1

[Event "Bangkok Big Rook op"]
[Site "Bangkok"]
[Date "2023.05.04"]
[Round "1"]
[White "Cuizon, Richily Evans"]
[Black "Yang, Ching Wei Austin"]
[Result "0-1"]
[WhiteElo "1508"]
[BlackElo "2201"]
[PlyCount "105"]
[EventDate "2023.05.04"]
[EventType "swiss"]
[EventRounds "7"]
[EventCountry "THA"]
[SourceTitle "CBM 214 Extra"]
[Source "ChessBase"]
[SourceDate "2023.07.31"]
[SourceVersion "1"]
[SourceVersionDate "2023.07.31"]
[SourceQuality "1"]

1. e4 c5 2. Nf3 Nc6 3. d4 cxd4 4. Nxd4 g6 5. Nc3 Bg7 6. Be3 Nf6 7. Bc4 0-0 8. Bb3 d6 9. h3 Bd7 10. 0-0 a6 11. a4 Rc8 12. Nxc6 Bxc6 13. f3 Qa5 14. Qd2 Rfd8 15. Rfd1 Nd7 16. Bd4 Bxd4+ 17. Qxd4 Qc5 18. Nd5 Bxd5 19. Qxc5 Nxc5 20. Bxd5 e6 21. b4 exd5 22. bxc5 dxe4 23. Rxd6 exf3 24. gxf3 Rxd6 25. cxd6 Rxc2 26. Rd1 Rc8 27. Kf2 Kg7 28. Ke3 Kf6 29. Rb1 b5 30. axb5 Rb8 31. Kd4 Ke6 32. Re1+ Kxd6 33. bxa6 Rb4+ 34. Kc3 Ra4 35. Re8 Rxa6 36. Rh8 h5 37. Kd4 Ra4+ 38. Ke3 Rh4 39. Rd8+ Ke7 40. Rc8 Kd6 41. Rd8+ Ke7 42. Ra8 Rxh3 43. Kf4 Rh4+ 44. Kg5 Rd4 45. Ra7+ Rd7 46. Ra8 Rd5+ 47. Kh6 Rf5 48. Ra3 Ke6 49. Re3+ Kd5 50. Kg7 Kd4 51. Ra3 Ke5 52. Ra5+ Kf4 53. Ra3 0-1

[Event "Titled Tuesday intern op 11th Apr Early"]
[Site "Chess.com INT"]
[Date "2023.04.11"]
[Round "5"]
[White "Bezerra, Natacio Goncalves"]
[Black "Yang, Ching Wei Austin"]
[Result "0-1"]
[WhiteElo "1991"]
[BlackElo "2201"]
[PlyCount "38"]
[EventDate "2023.04.11"]
[EventType "swiss (blitz)"]
[EventRounds "11"]
[EventCountry "USA"]
[SourceTitle "CBM 213 Extra"]
[Source "ChessBase"]
[SourceDate "2023.05.31"]
[SourceVersion "1"]
[SourceVersionDate "2023.05.31"]
[SourceQuality "1"]

1. e4 c5 2. Nf3 d6 3. Bb5+ Bd7 4. Bxd7+ Qxd7 5. c4 Nc6 6. Nc3 g6 7. d4 cxd4 8. Nxd4 Bg7 9. Be3 Nf6 10. f3 0-0 11. 0-0 Rfc8 12. b3 Qd8 13. Qd2 Qa5 14. Rac1 a6 15. a4 Nd7 16. Nxc6 bxc6 17. Rfd1 Rab8 18. Qc2 Nc5 19. Rb1 Qxc3 0-1

[Event "Titled Tuesday intern op 11th Apr Early"]
[Site "Chess.com INT"]
[Date "2023.04.11"]
[Round "6"]
[White "Yang, Ching Wei Austin"]
[Black "Toktomushev, Teimur"]
[Result "0-1"]
[WhiteElo "2201"]
[BlackElo "2252"]
[PlyCount "82"]
[EventDate "2023.04.11"]
[EventType "swiss (blitz)"]
[EventRounds "11"]
[EventCountry "USA"]
[SourceTitle "CBM 213 Extra"]
[Source "ChessBase"]
[SourceDate "2023.05.31"]
[SourceVersion "1"]
[SourceVersionDate "2023.05.31"]
[SourceQuality "1"]

1. e4 c5 2. Nf3 e6 3. g3 Nc6 4. Bg2 d5 5. exd5 exd5 6. d4 Nf6 7. 0-0 Be7 8. dxc5 0-0 9. Nbd2 Bxc5 10. Nb3 Bb6 11. Bg5 h6 12. Bf4 Bg4 13. c3 Re8 14. h3 Bh5 15. g4 Bg6 16. Nfd4 Ne4 17. Re1 Qf6 18. Be3 Bc7 19. Nf3 Rad8 20. Nbd4 Bb8 21. Qa4 h5 22. g5 Qd6 23. Nxc6 bxc6 24. Bxa7 Nxg5 25. Bxb8 Nxf3+ 26. Bxf3 Qxb8 27. Rxe8+ Rxe8 28. Qxc6 Re6 29. Qxd5 Qxb2 30. Rd1 Rf6 31. Re1 Qxc3 32. Re8+ Kh7 33. Kg2 Qc2 34. Qd8 Kh6 35. Rh8+ Kg5 36. Qd5+ Qf5 37. Qxf5+ Rxf5 38. Ra8 Rc5 39. a4 Rc2 40. a5 Rc3 41. a6 Ra3 0-1

[Event "Olympiad-44"]
[Site "Chennai"]
[Date "2022.07.30"]
[Round "2.1"]
[White "Yang, Ching Wei Austin"]
[Black "Christopher, Art"]
[Result "1-0"]
[WhiteElo "2172"]
[BlackElo "1616"]
[PlyCount "77"]
[EventDate "2022.07.29"]
[EventType "team-swiss"]
[EventRounds "11"]
[EventCountry "IND"]
[SourceTitle "CBM 210"]
[Source "ChessBase"]
[SourceDate "2022.10.31"]
[SourceVersion "1"]
[SourceVersionDate "2022.10.31"]
[SourceQuality "1"]
[WhiteTeam "Chinese Taipei"]
[BlackTeam "British Virgin Islands"]
[WhiteTeamCountry "TPE"]
[BlackTeamCountry "IVB"]

1. e4 e5 2. Nf3 Nf6 3. Nc3 d6 4. d4 exd4 5. Nxd4 Be7 6. Be2 0-0 7. Be3 Nc6 8. f3 a6 9. Qd2 Nxd4 10. Bxd4 c5 11. Be3 b5 12. 0-0 Qc7 13. Rfd1 Bb7 14. Nd5 Bxd5 15. exd5 Nd7 16. a4 b4 17. a5 Bf6 18. c3 bxc3 19. bxc3 Rfe8 20. Bf1 Ne5 21. Bg5 Bxg5 22. Qxg5 h6 23. Qg3 c4 24. Rd4 Qc5 25. h4 Rab8 26. Kh2 Rb3 27. f4 Qxd4 28. cxd4 Rxg3 29. Kxg3 Nd3 30. Kf3 f5 31. Rd1 Nb2 32. Rb1 c3 33. Rc1 Re4 34. Rxc3 Rxd4 35. Rb3 Na4 36. Bxa6 Rxd5 37. Bc4 Nc5 38. Bxd5+ Kh7 39. Rb6 1-0

[Event "Asian Cities-chT"]
[Site "Dhaka"]
[Date "2019.07.11"]
[Round "2.5"]
[White "Yang, Ching Wei Austin"]
[Black "Jaiswal, Rupesh"]
[Result "0-1"]
[WhiteElo "2163"]
[BlackElo "2159"]
[PlyCount "76"]
[EventDate "2019.07.10"]
[EventType "team-swiss"]
[EventRounds "9"]
[EventCountry "BAN"]
[SourceTitle "EXT 2020"]
[Source "ChessBase"]
[SourceDate "2019.10.17"]
[SourceVersion "1"]
[SourceVersionDate "2019.10.17"]
[SourceQuality "1"]
[WhiteTeam "Chinese Taipei"]
[BlackTeam "Kathmandu"]
[WhiteTeamCountry "TPE"]
[BlackTeamCountry "NEP"]

1. e4 e6 2. d4 d5 3. Nc3 Bb4 4. e5 Ne7 5. a3 Bxc3+ 6. bxc3 c5 7. Nf3 Nbc6 8. a4 Qa5 9. Bd2 c4 10. g3 Bd7 11. Bh3 0-0-0 12. 0-0 h6 13. Nh4 Rdg8 14. f4 f5 15. exf6 gxf6 16. Qe1 f5 17. Bc1 Re8 18. Ba3 Ng8 19. Bd6 Nf6 20. Be5 Nxe5 21. Qxe5 Ne4 22. Ra3 Qb6 23. Bg2 Qb2 24. Rfa1 Qxc2 25. Bxe4 fxe4 26. a5 a6 27. Ng2 h5 28. Qd6 h4 29. Qc5+ Bc6 30. R3a2 Qxc3 31. Rb1 hxg3 32. h4 Kd7 33. Rab2 Rb8 34. Rb3 Qd2 35. R3b2 Qd3 36. Qa7 Rhc8 37. h5 c3 38. Rb6 c2 0-1

[Event "Olympiad-43"]
[Site "Batumi"]
[Date "2018.09.27"]
[Round "4.66"]
[White "Yang, Ching Wei Austin"]
[Black "Nathoo, Loris"]
[Result "1-0"]
[WhiteElo "2198"]
[BlackElo "1665"]
[PlyCount "101"]
[EventDate "2018.09.24"]
[EventType "team-swiss"]
[EventRounds "11"]
[EventCountry "GEO"]
[SourceTitle "CBM 187"]
[Source "ChessBase"]
[SourceDate "2018.12.11"]
[SourceVersion "1"]
[SourceVersionDate "2018.12.11"]
[SourceQuality "1"]
[WhiteTeam "Chinese Taipei"]
[BlackTeam "Guyana"]
[WhiteTeamCountry "TPE"]
[BlackTeamCountry "GUY"]

1. b3 e5 2. Bb2 Nc6 3. e3 d5 4. Bb5 Bd6 5. Nf3 Qe7 6. c4 a6 7. Bxc6+ bxc6 8. c5 Bxc5 9. Nxe5 Nf6 10. Nxc6 Qd6 11. Ne5 0-0 12. d4 Bb4+ 13. Nc3 Bf5 14. 0-0 h6 15. Nd3 Ba5 16. Rc1 Ng4 17. g3 h5 18. Nc5 Nf6 19. Nb7 Qb6 20. Nxa5 Qxa5 21. Na4 Qb5 22. f3 Qd7 23. Qd2 Rfe8 24. Rfe1 Bh3 25. Qf2 Qf5 26. Re2 Qg5 27. Kh1 Re6 28. Nc5 Rc6 29. Nd3 Rxc1+ 30. Bxc1 Bd7 31. e4 Qg6 32. Ne5 Qh7 33. Nxd7 Nxd7 34. Kg2 Nf6 35. Bg5 Nd7 36. exd5 Nb6 37. Qe1 Qf5 38. Bd2 Qd3 39. Re8+ Kh7 40. Rxa8 Nxa8 41. Qe4+ Qxe4 42. fxe4 Kg6 43. Ba5 Kf6 44. Kf3 g5 45. h3 Ke7 46. e5 f5 47. Bxc7 Nxc7 48. d6+ Kd7 49. dxc7 Kxc7 50. d5 a5 51. h4 1-0

[Event "Wch U18"]
[Site "Khanty-Mansiysk"]
[Date "2016.10.03"]
[Round "11"]
[White "Saiyn, Zhanat"]
[Black "Yang, Ching Wei Austin"]
[Result "1/2-1/2"]
[WhiteElo "2405"]
[BlackElo "1997"]
[PlyCount "123"]
[EventDate "2016.09.22"]
[EventType "swiss"]
[EventRounds "11"]
[EventCountry "RUS"]
[SourceTitle "EXT 2017"]
[Source "ChessBase"]
[SourceDate "2016.10.25"]
[SourceVersion "1"]
[SourceVersionDate "2016.10.25"]
[SourceQuality "1"]

1. g3 Nf6 2. Bg2 d5 3. d3 e5 4. Nd2 Bc5 5. e3 0-0 6. Ne2 c6 7. b3 Re8 8. Bb2 Nbd7 9. 0-0 Nf8 10. c4 Ng6 11. cxd5 Nxd5 12. Qc2 Bf8 13. a3 Bg4 14. Rfe1 h5 15. h3 Bd7 16. e4 Nb6 17. h4 Qc7 18. Bf3 Bg4 19. Bxg4 hxg4 20. Nf1 Nd7 21. Nh2 Nf6 22. Bc1 Qd7 23. Bg5 Be7 24. Nc3 Nh7 25. Be3 Ngf8 26. Qe2 Nf6 27. Red1 c5 28. Rab1 Rac8 29. h5 Red8 30. h6 g6 31. a4 a5 32. Kg2 Qe6 33. f3 gxf3+ 34. Qxf3 Rd7 35. Rd2 Rcd8 36. Bg5 N8h7 37. Bxf6 Bxf6 38. Nd5 Bg5 39. Rc2 b6 40. g4 Bxh6 41. Qh3 Bg7 42. Nf3 Nf6 43. Nxf6+ Bxf6 44. Rh1 Rxd3 45. Rf2 Rxb3 46. Ng5 Rxh3 47. Nxe6 Rxh1 48. Nxd8 Rd1 49. Rxf6 Rxd8 50. Rxb6 Rd4 51. Kf3 Rxa4 52. Rb5 Ra3+ 53. Kf2 Kg7 54. g5 f5 55. Rxc5 fxe4 56. Ke2 Rf3 57. Rxa5 Rf5 58. Ra7+ Kg8 59. Ra8+ Kf7 60. Ra7+ Kg8 61. Ra8+ Kg7 62. Ra7+ 1/2-1/2

[Event "Wch U18"]
[Site "Khanty-Mansiysk"]
[Date "2016.10.02"]
[Round "10"]
[White "Yang, Ching Wei Austin"]
[Black "Krishna Teja, N."]
[Result "0-1"]
[WhiteElo "1997"]
[BlackElo "2268"]
[PlyCount "62"]
[EventDate "2016.09.22"]
[EventType "swiss"]
[EventRounds "11"]
[EventCountry "RUS"]
[SourceTitle "EXT 2017"]
[Source "ChessBase"]
[SourceDate "2016.10.25"]
[SourceVersion "1"]
[SourceVersionDate "2016.10.25"]
[SourceQuality "1"]

1. e4 c5 2. Nf3 e6 3. d4 cxd4 4. Nxd4 a6 5. Bd3 Bc5 6. Nb3 Ba7 7. Qg4 Nf6 8. Qg3 d6 9. Nc3 Nc6 10. Bg5 h6 11. Qh4 Ne5 12. Be2 Ng6 13. Bxf6 Nxh4 14. Bxd8 Kxd8 15. g3 Ng6 16. f4 Ne7 17. 0-0-0 Kc7 18. a4 Bd7 19. Rd3 Bc6 20. Rhd1 g5 21. f5 exf5 22. exf5 Rad8 23. g4 h5 24. h3 hxg4 25. hxg4 Ng8 26. Nd4 Nf6 27. Nxc6 bxc6 28. a5 Rh2 29. Rg3 Bf2 30. Rf3 Nxg4 31. Bxa6 Ne5 0-1

[Event "Wch U18"]
[Site "Khanty-Mansiysk"]
[Date "2016.09.26"]
[Round "5"]
[White "Yang, Ching Wei Austin"]
[Black "Kandil, Adham"]
[Result "0-1"]
[WhiteElo "1997"]
[BlackElo "2277"]
[PlyCount "84"]
[EventDate "2016.09.22"]
[EventType "swiss"]
[EventRounds "11"]
[EventCountry "RUS"]
[SourceTitle "EXT 2017"]
[Source "ChessBase"]
[SourceDate "2016.10.25"]
[SourceVersion "1"]
[SourceVersionDate "2016.10.25"]
[SourceQuality "1"]

1. e4 c5 2. Nf3 d6 3. d4 cxd4 4. Nxd4 Nf6 5. Nc3 a6 6. Bg5 Nbd7 7. Bc4 Qb6 8. Bb3 e6 9. 0-0 Be7 10. Kh1 0-0 11. f4 Nc5 12. Qe2 Re8 13. Rad1 Qc7 14. e5 dxe5 15. fxe5 Nfd7 16. Bxe7 Rxe7 17. Nf3 b5 18. Ne4 Nxe4 19. Qxe4 Bb7 20. Qh4 Rae8 21. Ng5 h6 22. Nxf7 Rxf7 23. Rxf7 Kxf7 24. Qh5+ Kf8 25. Rf1+ Ke7 26. Qf7+ Kd8 27. Bxe6 Qc6 28. Bh3 Rxe5 29. Qxg7 Rg5 30. Qh8+ Kc7 31. Rf2 Re5 32. Rf1 Qf6 33. Qxf6 Nxf6 34. Kg1 Nd5 35. g3 Re2 36. Rf2 Re1+ 37. Rf1 Rxf1+ 38. Bxf1 Ne3 39. Bd3 Kd6 40. h4 Ke5 41. Kf2 Nd1+ 42. Ke2 Nxb2 0-1

[Event "Wch U18"]
[Site "Khanty-Mansiysk"]
[Date "2016.09.25"]
[Round "4"]
[White "Timerkhanov, Alexander"]
[Black "Yang, Ching Wei Austin"]
[Result "1/2-1/2"]
[WhiteElo "2340"]
[BlackElo "1997"]
[PlyCount "115"]
[EventDate "2016.09.22"]
[EventType "swiss"]
[EventRounds "11"]
[EventCountry "RUS"]
[SourceTitle "EXT 2017"]
[Source "ChessBase"]
[SourceDate "2016.10.25"]
[SourceVersion "1"]
[SourceVersionDate "2016.10.25"]
[SourceQuality "1"]

1. d4 Nf6 2. Bg5 d5 3. Bxf6 exf6 4. e3 c6 5. g3 Qb6 6. Qc1 Be7 7. Bg2 0-0 8. Ne2 a5 9. Nd2 Be6 10. 0-0 Nd7 11. Nf4 Bd6 12. Nxe6 fxe6 13. c4 Qa7 14. a3 a4 15. Qc3 Qa5 16. e4 Qxc3 17. bxc3 dxe4 18. c5 Be7 19. Bxe4 f5 20. Bc2 e5 21. Rab1 Ra7 22. Rfe1 e4 23. Nc4 Bd8 24. Rb4 Nf6 25. Ne3 Ba5 26. Rxa4 Rfa8 27. Bb3+ Kf8 28. Rc1 g6 29. Rc2 Ke7 30. Kf1 Nd7 31. Nc4 b5 32. cxb6 Bxb6 33. Rxa7 Rxa7 34. g4 Bc7 35. h3 Nb6 36. Nxb6 Rxa3 37. Nc8+ Kd7 38. Bg8 Ra1+ 39. Kg2 f4 40. f3 exf3+ 41. Kxf3 g5 42. Bxh7 Kxc8 43. Be4 Kd7 44. h4 gxh4 45. g5 Rg1 46. Rg2 Rxg2 47. Kxg2 Ke6 48. Kh3 Ba5 49. c4 Bc3 50. Bxc6 Bxd4 51. Kxh4 Kf7 52. Kg4 Be3 53. Kf5 Kg7 54. Bd5 Bd2 55. Be4 Be3 56. Bf3 Kf7 57. Bh5+ Kg7 58. Bf3 1/2-1/2

[Event "Wch U18"]
[Site "Khanty-Mansiysk"]
[Date "2016.09.22"]
[Round "1"]
[White "Yang, Ching Wei Austin"]
[Black "Wu, Christopher"]
[Result "1-0"]
[WhiteElo "1997"]
[BlackElo "2377"]
[PlyCount "53"]
[EventDate "2016.09.22"]
[EventType "swiss"]
[EventRounds "11"]
[EventCountry "RUS"]
[SourceTitle "EXT 2017"]
[Source "ChessBase"]
[SourceDate "2016.10.25"]
[SourceVersion "1"]
[SourceVersionDate "2016.10.25"]
[SourceQuality "1"]

1. e4 c5 2. Nf3 d6 3. d4 cxd4 4. Nxd4 Nf6 5. Nc3 a6 6. Bg5 Nbd7 7. Bc4 h6 8. Bh4 g6 9. Qd2 Bg7 10. 0-0-0 0-0 11. f4 Qc7 12. Bb3 Nb6 13. h3 Nh5 14. g4 Nxf4 15. Qxf4 g5 16. Qf2 gxh4 17. Qxh4 e6 18. Rhg1 Qc5 19. Nf5 exf5 20. gxf5 Kh7 21. Qg4 Bf6 22. Kb1 Qc7 23. Qh5 Qe7 24. Rg6 Bg7 25. Rxg7+ Kxg7 26. Rg1+ Kf6 27. Qh4+ 1-0

[Event "Olympiad-42"]
[Site "Baku"]
[Date "2016.09.13"]
[Round "11.2"]
[White "Vandenbussche, Thibaut"]
[Black "Yang, Ching Wei Austin"]
[Result "1-0"]
[WhiteElo "2401"]
[BlackElo "1997"]
[PlyCount "69"]
[EventDate "2016.09.02"]
[EventType "team-swiss"]
[EventRounds "11"]
[EventCountry "AZE"]
[SourceTitle "CBM 175"]
[Source "ChessBase"]
[SourceDate "2016.11.10"]
[SourceVersion "1"]
[SourceVersionDate "2016.11.10"]
[SourceQuality "1"]
[WhiteTeam "Belgium"]
[BlackTeam "Chinese Taipei"]
[WhiteTeamCountry "BEL"]
[BlackTeamCountry "TPE"]

1. e4 c5 2. Nf3 e6 3. d4 cxd4 4. Nxd4 a6 5. Nc3 Qc7 6. g3 b5 7. Bg2 Bb7 8. 0-0 Nf6 9. Re1 d6 10. Nd5 exd5 11. exd5+ Kd8 12. Bg5 Nbd7 13. Nc6+ Bxc6 14. dxc6 Nc5 15. a4 b4 16. Bxf6+ gxf6 17. Qh5 Ra7 18. Re3 Qb6 19. Rae1 Ne6 20. Bd5 Qc5 21. c3 a5 22. Re4 Re7 23. cxb4 axb4 24. Rc4 Qa5 25. Qf3 Rg8 26. Bxe6 fxe6 27. c7+ Rxc7 28. Qxf6+ Be7 29. Qxe6 Rf8 30. Rec1 Qa7 31. R1c2 Rf6 32. Rxc7 Qxc7 33. Qe4 Qa5 34. Qc6 Qf5 35. Qa8+ 1-0

[Event "Olympiad-42"]
[Site "Baku"]
[Date "2016.09.08"]
[Round "6.2"]
[White "Cupid, Kevin"]
[Black "Yang, Ching Wei Austin"]
[Result "0-1"]
[WhiteElo "2166"]
[BlackElo "1997"]
[PlyCount "88"]
[EventDate "2016.09.02"]
[EventType "team-swiss"]
[EventRounds "11"]
[EventCountry "AZE"]
[SourceTitle "CBM 175"]
[Source "ChessBase"]
[SourceDate "2016.11.10"]
[SourceVersion "1"]
[SourceVersionDate "2016.11.10"]
[SourceQuality "1"]
[WhiteTeam "Trinidad and Tobago"]
[BlackTeam "Chinese Taipei"]
[WhiteTeamCountry "TRI"]
[BlackTeamCountry "TPE"]

1. d4 Nf6 2. c4 e6 3. Nf3 Bb4+ 4. Nbd2 b6 5. e3 Bb7 6. Bd3 0-0 7. Qc2 d6 8. 0-0 Bxd2 9. Bxd2 Nbd7 10. e4 e5 11. c5 dxc5 12. dxe5 Ng4 13. Bf4 Re8 14. e6 Rxe6 15. Bc4 Bxe4 16. Qb3 Re7 17. Rad1 Ngf6 18. Ne5 Qe8 19. Bb5 a6 20. Bxd7 Nxd7 21. Ng4 h5 22. Ne3 Nf6 23. f3 Bc6 24. Nf5 Re6 25. Qc3 g6 26. Bg5 gxf5 27. Bxf6 Qf8 28. h4 Qh6 29. Bg5 Qg6 30. Rf2 Rae8 31. Rdd2 Qg7 32. Qd3 Qe5 33. f4 Qe3 34. Qxa6 f6 35. Kh2 fxg5 36. fxg5 Qe4 37. Kg1 Qxh4 38. Rf1 Re1 39. Rdf2 Qd4 40. Kh2 Qh4+ 41. Kg1 Bxg2 42. Kxg2 R1e4 43. Rg1 Rg4+ 44. Kf1 Qh3+ 0-1

[Event "Asia Cities-ch 19th"]
[Site "Kalutara "]
[Date "2015.07.23"]
[Round "2"]
[White "Yang, Ching Wei Austin"]
[Black "Alahakoon, Isuru"]
[Result "1/2-1/2"]
[WhiteElo "2021"]
[BlackElo "2054"]
[PlyCount "113"]
[EventDate "2015.07.22"]
[EventType "team-tourn"]
[EventRounds "9"]
[EventCountry "SRI"]
[SourceTitle "EXT 2020"]
[Source "ChessBase"]
[SourceDate "2019.10.17"]
[SourceVersion "1"]
[SourceVersionDate "2019.10.17"]
[SourceQuality "1"]
[WhiteTeam "Taiwan"]
[BlackTeam "Kandy"]
[WhiteTeamCountry "TPE"]
[BlackTeamCountry "SRI"]

1. e4 c5 2. Nf3 d6 3. d4 cxd4 4. Nxd4 Nf6 5. Nc3 a6 6. h3 e5 7. Nde2 h5 8. Bg5 Be7 9. Bxf6 Bxf6 10. Nd5 Bg5 11. Nec3 Nc6 12. Bc4 Be6 13. 0-0 g6 14. a4 0-0 15. Qd3 Rc8 16. Bb3 Kg7 17. Rad1 Bh6 18. Ne2 Qa5 19. c3 Qc5 20. Kh1 f5 21. f3 fxe4 22. fxe4 Rf2 23. Rxf2 Qxf2 24. Ne7 Bxb3 25. Nxc8 Bxd1 26. Qxd1 Qh4 27. Nxd6 Be3 28. Qf1 Qe7 29. Nc4 Ba7 30. Nc1 Qh4 31. Qe2 Qf4 32. Nd3 Qf6 33. b4 Qe6 34. Ne1 Nd8 35. Nf3 Nf7 36. Qd3 g5 37. Qd5 Qxd5 38. exd5 Kf6 39. g4 hxg4 40. hxg4 b5 41. axb5 axb5 42. Ncd2 Nd6 43. Kg2 e4 44. Nd4 Bb6 45. Nc6 e3 46. Nf3 Ne4 47. Kf1 Nxc3 48. Ncd4 Bxd4 49. Nxd4 Nxd5 50. Nxb5 Nxb4 51. Ke2 Nd5 52. Kf3 Ke5 53. Na7 Kd4 54. Nc6+ Kd3 55. Ne5+ Kc3 56. Ke2 Kd4 57. Nf3+ 1/2-1/2

[Event "Asia Cities-ch 19th"]
[Site "Kalutara "]
[Date "2015.07.22"]
[Round "1"]
[White "Weerawardane, Romesh"]
[Black "Yang, Ching Wei Austin"]
[Result "1/2-1/2"]
[WhiteElo "2110"]
[BlackElo "2021"]
[PlyCount "63"]
[EventDate "2015.07.22"]
[EventType "team-tourn"]
[EventRounds "9"]
[EventCountry "SRI"]
[SourceTitle "EXT 2020"]
[Source "ChessBase"]
[SourceDate "2019.10.17"]
[SourceVersion "1"]
[SourceVersionDate "2019.10.17"]
[SourceQuality "1"]
[WhiteTeam "Colombo"]
[BlackTeam "Taiwan"]
[WhiteTeamCountry "SRI"]
[BlackTeamCountry "TPE"]

1. c4 c5 2. Nf3 Nf6 3. d4 cxd4 4. Nxd4 Nc6 5. Nc3 g6 6. g3 Bg7 7. Bg2 0-0 8. 0-0 Qb6 9. Nb3 d6 10. Be3 Qb4 11. c5 Be6 12. cxd6 Rfd8 13. Nd4 Nxd4 14. Qxd4 Qxd4 15. Bxd4 Rxd6 16. Rfd1 Ne8 17. Bc5 Rxd1+ 18. Rxd1 Rc8 19. Bxe7 Bxc3 20. bxc3 Rxc3 21. a3 b6 22. h4 f5 23. Bd5 Kf7 24. Bb4 Rc7 25. Bg2 a5 26. Be1 Nf6 27. Rb1 Nd7 28. Bf1 a4 29. f3 Bb3 30. Bb4 Ke6 31. Re1 Nf6 32. Bh3 1/2-1/2

[Event "Asian Schools-ch U17 11th"]
[Site "Singapore"]
[Date "2015.06.05"]
[Round "7.4"]
[White "Yang, Ching Wei Austin"]
[Black "Samarasinghe, Isuru Udana"]
[Result "1-0"]
[WhiteElo "1990"]
[BlackElo "1561"]
[PlyCount "53"]
[EventDate "2015.05.31"]
[EventType "swiss"]
[EventRounds "7"]
[EventCountry "SIN"]
[SourceTitle "EXT 2024"]
[Source "ChessBase"]
[SourceDate "2023.10.10"]
[SourceVersion "1"]
[SourceVersionDate "2023.10.10"]
[SourceQuality "1"]

1. e4 c5 2. Nf3 Nc6 3. d4 cxd4 4. Nxd4 Nf6 5. Nc3 e6 6. Ndb5 d5 7. exd5 exd5 8. Nxd5 Nxd5 9. Qxd5 Qxd5 10. Nc7+ Kd8 11. Nxd5 Nb4 12. Nxb4 Bxb4+ 13. c3 Re8+ 14. Be3 Bc5 15. 0-0-0+ Kc7 16. Bxc5 Be6 17. b3 b6 18. Bd6+ Kb7 19. Bb5 Rec8 20. Kb2 a6 21. Be2 Rd8 22. Bf3+ Ka7 23. Bxa8 Rxa8 24. Be5 g6 25. Rd6 Kb7 26. Rhd1 Rc8 27. Bd4 1-0

[Event "Asian Schools-ch U17 11th"]
[Site "Singapore"]
[Date "2015.06.03"]
[Round "6.4"]
[White "Bandara, SARB"]
[Black "Yang, Ching Wei Austin"]
[Result "0-1"]
[WhiteElo "1586"]
[BlackElo "1990"]
[PlyCount "54"]
[EventDate "2015.05.31"]
[EventType "swiss"]
[EventRounds "7"]
[EventCountry "SIN"]
[SourceTitle "EXT 2024"]
[Source "ChessBase"]
[SourceDate "2023.10.10"]
[SourceVersion "1"]
[SourceVersionDate "2023.10.10"]
[SourceQuality "1"]

1. d4 Nf6 2. c4 e6 3. Nf3 b6 4. g3 Ba6 5. b3 b5 6. cxb5 Bxb5 7. Bg2 d5 8. 0-0 Bd6 9. Nc3 Ba6 10. b4 0-0 11. a3 Nbd7 12. Re1 Bb7 13. Nb5 Nb6 14. Nxd6 cxd6 15. Nd2 Qd7 16. e4 dxe4 17. Nxe4 Nxe4 18. Bxe4 Nd5 19. Qh5 Nf6 20. Qh4 Nxe4 21. Rxe4 Qc6 22. f3 Qc3 23. Rg4 f5 24. Rxg7+ Kxg7 25. Bh6+ Kh8 26. Rc1 Qxf3 27. Qh3 Rfc8 0-1